| 000 | 00790nam a2200217 a 4500 | ||
|---|---|---|---|
| 001 | 56964 | ||
| 003 | BD-RjUL | ||
| 005 | 20211209080444.0 | ||
| 008 | 161205s1981 ii ||||| |||| 00| 0 ben d | ||
| 035 | _a(BD-RjUL)57088 | ||
| 040 |
_aBD-RjUL _bben _cBD-RjUL _dBD-RjUL |
||
| 041 | _aben | ||
| 082 |
_223 _a160 _bMUS 1981 |
||
| 100 |
_aমুন্সী, রমেশ চন্দ্র _9124638 |
||
| 245 | 1 | 0 |
_aতর্কশাস্ত্র = (Logic) / _cরমেশ চন্দ্র মুন্সী |
| 260 |
_aকলিকাতা : _bবৈকুন্ঠ বুক হাউস, _c১৯৮১ |
||
| 300 |
_a[৪], ৩০২ পৃ. ; _c১৯ সেমি. |
||
| 650 |
_aLogic _9124624 |
||
| 650 |
_aযুক্তিবিদ্যা _9124625 |
||
| 942 |
_2ddc _cBK |
||
| 999 |
_c56964 _d56964 |
||